000 01299nam a2200397 i 4500
001 9270
003 KOSZ 005
005 20200515104043.0
008 070608s1971 pl a g 000 0 pol
015 _aPB 1971/3507
035 _a(PL-WaBN)b20187129-48omnis_nlop
035 _ab20187129
035 _a(OCoLC)830908353
035 _a(PL)b0000002018712
040 _aWA N
_cWA N
_dKOSZ 005/RW
046 _k1960
080 _a796.4
100 1 _aZakrzewski, Stanisław
_d(1907-1972).
_eAutor
245 1 0 _aJak stać się silnym i sprawnym /
_cStanisław Zakrzewski.
250 _aWydanie 3.
260 _aWarszawa :
_b"Sport i Turystyka",
_c1971.
300 _a143, [1] strony :
_bilustracje ;
_c18 cm.
336 _aTekst
_btxt
_2rdacontent
337 _aBez urządzenia pośredniczącego
_bn
_2rdamedia
338 _aWolumin
_bnc
_2rdacarrier
380 _aKsiążki
388 _a1901-2000
504 _aBibliografia na stronie [142].
658 _aKultura fizyczna i sport
655 7 _aWydawnictwa popularne
_2DBN
650 7 _aGimnastyka
_2DBN
710 2 _aWydawnictwo Sport i Turystyka
_4pbl
856 _uhttp://koha.tu.koszalin.pl/cgi-bin/koha/opac-detail.pl?biblionumber=9270
_yKatalog online BPK
942 _2UKD
_cKS
999 _c9270
_d9270